00485nam a2200193Ia 4500008004000000020001800040041000800058082001900066100002000085245004400105260004800149300001300197650001200210650001100222650000700233650001600240650001400256700002100270210210b2010 xxu||||| |||| 00| 0 eng d a9788180302893 aeng a530.41028 PATE aPATEL (Nishant) aExperiments in condensed matter physics aNew DelhibCampus Books Internationalc2010 aviii,274 aphysics amatter ain aExperiments acondensed aSHARMA (Guatham)